[Event "Challenge"]
[Site "http://www.queenalice.com/game.php?id=1605959"]
[Date "2020.4.4"]
[Round "-"]
[White "Lol2lyn"]
[Black "marinb1948"]
[Result "1-0"]
[WhiteElo "1500"]
[BlackElo "1229"]

1. d4 Nc6 2. e3 Nf6 3. Bd3 Nd5 4. Nc3 e6 5. Nge2 Bb4 6. O-O O-O 7. a3 Ba5 8. e4
Nb6 9. b4 Bxb4 10. axb4 Nxb4 11. Bb5 Re8 12. Ba3 e5 13. Bxb4 Re6 14. Rb1 a6 15.
Bd3 Kh8 16. Bc5 Na4 17. Nxa4 b5 18. Nac3 c6 19. d5 Rg6 20. f4 exf4 21. Nxf4 Rf6
22. Nh5 Rh6 23. Rxf7 Rxh5 24. Qxh5 Qe8 25. d6 Bb7 26. e5 Qg8 27. Rbf1 Re8 28.
Rxd7 Rf8 29. Rxb7 Rf7 30. Rbxf7 a5 31. d7 a4 32. Na2 Qa8 33. Qxh7# 1-0

[Event "Challenge"]
[Site "http://www.queenalice.com/game.php?id=1605975"]
[Date "2020.4.4"]
[Round "-"]
[White "marinb1948"]
[Black "Lol2lyn"]
[Result "0-1"]
[WhiteElo "1240"]
[BlackElo "1565"]

1. a4 a5 2. Ra3 e6 3. Rg3 d5 4. h4 Nf6 5. Ra3 Bxa3 6. Rh3 Bd6 7. Rb3 O-O 8. Rf3
Bd7 9. Rb3 Bxa4 10. Rh3 Nc6 11. Ra3 Qe7 12. Rxa4 b6 13. Na3 Bc5 14. e3 Ne4 15.
f3 Nf2 16. Kxf2 Rad8 17. Ke1 d4 18. c3 e5 19. f4 Qxh4+ 20. Ke2 Qh1 21. Nf3 Qh5
22. fxe5 Rfe8 23. Qe1 Nxe5 24. Qh4 d3+ 25. Kd1 Qf5 26. Qf4 Qd7 27. Nxe5 Qe6 28.
Bxd3 Qa2 29. Bc4 Qa1 30. b3 Bf8 31. Qf2 Rxe5 32. d3 b5 33. Qb2 Qxb2 34. Bxb2
bxa4 35. bxa4 Rxe3 36. Bc1 Rg3 37. Be3 Rxe3 38. Kd2 Rg3 39. Nb5 c6 40. Nc7 Rxg2+
41. Kc1 Rc8 42. Na6 Re8 43. d4 Re1# 0-1

[Event "marinb1948"]
[Site "http://www.queenalice.com/game.php?id=1606820"]
[Date "2020.4.9"]
[Round "1"]
[White "Lol2lyn"]
[Black "Jules2006"]
[Result "1-0"]
[WhiteElo "1590"]
[BlackElo "1893"]

1. d4 e6 2. Bf4 Bb4+ 3. c3 Bd6 4. e3 Be7 5. Nf3 Bg5 6. Nxg5 f6 7. Nf7 Kxf7 8.
Bc4 Kg6 9. O-O e5 10. Bg3 e4 11. Qg4+ Kh6 12. Qh4+ Kg6 13. Qxe4+ f5 14. Qf4 Qg5
15. Bf7+ Kh6 16. Qxg5+ Kxg5 17. Bf4+ Kf6 18. Bb3 g5 19. Be5+ Kg6 20. Bxh8 b6 21.
Bxg8 Ba6 22. Re1 c5 23. d5 Bc4 24. Rd1 f4 25. Nd2 Bd3 26. Nf3 Bc2 27. Ne5+ Kf5
28. Bxh7# 1-0

[Event "Challenge"]
[Site "http://www.queenalice.com/game.php?id=1606952"]
[Date "2020.4.10"]
[Round "-"]
[White "beteljeuxe"]
[Black "Lol2lyn"]
[Result "1-0"]
[WhiteElo "2088"]
[BlackElo "1766"]

1. d4 Nc6 2. Bg5 h6 3. Bh4 Nf6 4. Bxf6 exf6 5. g3 f5 6. Bg2 d5 7. a3 Be6 8. e3
g6 9. Ne2 Qd6 10. c4 O-O-O 11. Nbc3 dxc4 12. Qa4 Bg7 13. d5 Bxd5 14. Bxd5 Rhf8
15. O-O g5 16. Rad1 Qc5 17. Bxc6 Qxc6 18. Qxa7 Rd6 19. Nd4 Qa6 20. Qc5 f4 21.
Nf5 Rc6 22. Qe7 Re6 23. Qd7+ Kb8 24. Nxg7 Rd6 25. Rxd6 cxd6 26. Qe7 Rc8 27. Ne8
Qc6 28. Nxd6 Rc7 29. Qd8+ Ka7 30. Ndb5+ Ka6 31. Qa8+ Kb6 32. Qa7# 1-0

[Event "Challenge"]
[Site "http://www.queenalice.com/game.php?id=1607220"]
[Date "2020.4.12"]
[Round "-"]
[White "Deneb"]
[Black "Lol2lyn"]
[Result "1-0"]
[WhiteElo "1829"]
[BlackElo "1790"]

1. e4 e5 2. Nf3 d6 3. d4 Nc6 4. d5 Nd4 5. Nxd4 exd4 6. Bb5+ Bd7 7. Bxd7+ Qxd7 8.
Qxd4 Nf6 9. h3 Be7 10. Qd3 c6 11. Nc3 O-O 12. Be3 a5 13. O-O-O b5 14. dxc6 Qe8
15. Qxb5 Rc8 16. Qxa5 Qxc6 17. Qb6 Qe8 18. Qb5 Rc6 19. Rd4 Qc8 20. Qb3 Nd7 21.
Ra4 Re8 22. Ra7 Nc5 23. Bxc5 dxc5 24. Nd5 Bf8 25. f3 c4 26. Qb5 Qe6 27. a4 Rd8
28. a5 c3 29. b4 Rcc8 30. Rd1 Kh8 31. Rb7 f5 32. Rb6 Qe5 33. g4 f4 34. a6 Ra8
35. Qa5 Qe8 36. b5 Rdc8 37. Rb7 Qe5 38. Rc7 Bc5 39. Rxc8+ Rxc8 40. a7 Bxa7 41.
Qxa7 h6 42. b6 Rb8 43. Rd3 g5 44. Ne7 1-0

[Event "Challenge"]
[Site "http://www.queenalice.com/game.php?id=1611008"]
[Date "2020.5.5"]
[Round "-"]
[White "sylvainl1855"]
[Black "Lol2lyn"]
[Result "0-1"]
[WhiteElo "1605"]
[BlackElo "1730"]

1. d3 e5 2. e3 d5 3. e4 dxe4 4. dxe4 Qxd1+ 5. Kxd1 Bc5 6. Bb5+ Nd7 7. Bxd7+ Bxd7
8. g3 O-O-O 9. Bg5 f6 10. Be3 Bb6 11. Bxb6 axb6 12. f4 Bh3+ 13. Ke1 Bg2 14. Ne2
Bxh1 15. fxe5 Bxe4 16. Nec3 Bxc2 17. Na3 Bd3 18. Rd1 f5 19. h3 g6 20. g4 Nh6 21.
g5 Nf7 22. e6 Nxg5 23. e7 Rde8 24. Rxd3 Rxe7+ 25. Kd1 Rd8 26. Kd2 Nf3+ 27. Kc2
Ne1+ 28. Kd2 Nxd3 29. Kc2 Re3 30. Kb3 Rxh3 31. Nc4 Rd4 32. a3 Nc5+ 33. Kb4 Rdd3
34. a4 Rd4 35. b3 Rdd3 36. Ne5 Rxc3 37. Nc4 Rxb3# 0-1

[Event "Challenge"]
[Site "http://www.queenalice.com/game.php?id=1612232"]
[Date "2020.5.14"]
[Round "-"]
[White "Jules2006"]
[Black "Lol2lyn"]
[Result "0-1"]
[WhiteElo "1527"]
[BlackElo "1758"]

1. e4 e5 2. g4 d5 3. exd5 Qxd5 4. b3 Qxh1 5. Nf3 Bxg4 6. Bb2 Nc6 7. Nxe5 Bxd1 8.
Nxc6 Bf3 9. Ne5 Bg2 10. Nd3 Qxf1# 0-1

[Event "Let's Play Chess!"]
[Site "http://www.queenalice.com/game.php?id=1613636"]
[Date "2020.5.24"]
[Round "-"]
[White "Lol2lyn"]
[Black "charles31"]
[Result "1-0"]
[WhiteElo "1766"]
[BlackElo "1696"]

1. e4 e5 2. Nf3 d6 3. d4 exd4 4. Nxd4 a6 5. Nc3 Nf6 6. g3 h6 7. Bg2 Bd7 8. Qe2
Nc6 9. Bf4 Nxd4 10. Qd2 Be6 11. Qxd4 Be7 12. O-O-O Qd7 13. e5 Nh7 14. exd6 Bxd6
15. Rhe1 Bxf4+ 16. Qxf4 1-0

[Event "Challenge"]
[Site "http://www.queenalice.com/game.php?id=1613660"]
[Date "2020.5.24"]
[Round "-"]
[White "Jules2006"]
[Black "Lol2lyn"]
[Result "0-1"]
[WhiteElo "1459"]
[BlackElo "1734"]

1. e4 e5 2. Qe2 Nf6 3. Qc4 c6 4. Bd3 d5 5. exd5 Nxd5 6. c3 Be6 7. b4 Nf6 8. Qh4
Qxd3 9. g4 Be7 10. Qg5 Nxg4 11. h3 Bxg5 12. hxg4 Qe4+ 13. Ne2 Qxh1+ 14. Ng1 Bc4
15. Kd1 Bd3 16. Bb2 Qxg1# 0-1

[Event "Challenge"]
[Site "http://www.queenalice.com/game.php?id=1614390"]
[Date "2020.5.29"]
[Round "-"]
[White "Jules2006"]
[Black "Lol2lyn"]
[Result "0-1"]
[WhiteElo "1439"]
[BlackElo "1787"]

1. b3 e5 2. g3 d5 3. d4 Nc6 4. c4 Nxd4 5. e3 Nf5 6. g4 Nfe7 7. cxd5 Nxd5 8. Bc4
Ngf6 9. e4 Bxg4 10. Ne2 Bb4+ 11. Bd2 Nxe4 12. Rg1 Qh4 13. Rf1 Ne3 14. Qc1 Bc5
15. Bxe3 Qe7 16. f3 Qh4+ 17. Ng3 Bb4+ 18. Ke2 O-O-O 19. Nxe4 Bh3 20. Bg5 Qh5 21.
Rf2 h6 22. Bxd8 Rxd8 23. Ng3 Qg6 24. Bd3 Qd6 25. Nf5 Qxd3# 0-1

[Event "Challenge"]
[Site "http://www.queenalice.com/game.php?id=1626741"]
[Date "2020.9.13"]
[Round "-"]
[White "Lol2lyn"]
[Black "Excsiu"]
[Result "1-0"]
[WhiteElo "1746"]
[BlackElo "1764"]

1. e4 e5 2. Nf3 Nf6 3. Nxe5 Nxe4 4. Qe2 d5 5. d3 f6 6. dxe4 fxe5 7. Qh5+ g6 8.
Qxe5+ Qe7 9. Qxh8 Qg7 10. Qxg7 Bxg7 11. Nc3 d4 12. Nd5 Be5 13. f4 c6 14. fxe5
cxd5 15. exd5 Nd7 16. e6 Ne5 17. Bb5+ Kf8 18. h3 a6 19. Ba4 b5 20. Bb3 a5 21.
O-O+ Ke7 22. a4 Ba6 23. Bg5+ Kd6 24. Bf4 bxa4 25. Bxe5+ Kc5 26. Rxa4 Bxf1 27.
Kxf1 Rf8+ 28. Kg1 Kb5 29. Bxd4 Rf4 30. Bc3 Rxa4 31. Bxa4+ Kxa4 32. Bxa5 Kxa5 33.
e7 Kb5 34. e8=Q+ Kc4 35. Qe6 1-0

[Event "Challenge"]
[Site "http://www.queenalice.com/game.php?id=1649561"]
[Date "2021.4.13"]
[Round "-"]
[White "Lol2lyn"]
[Black "Excsiu"]
[Result "1-0"]
[WhiteElo "1767"]
[BlackElo "1758"]

1. e4 e5 2. Nf3 d6 3. d4 exd4 4. Qxd4 Nc6 5. Bb5 a6 6. Bxc6+ bxc6 7. Bg5 f6 8.
Bh4 Qe7 9. O-O c5 10. Qd5 Rb8 11. e5 Bb7 12. exf6 Qd7 13. Re1+ Ne7 14. fxg7 Bxd5
15. gxh8=Q Be6 16. Qxh7 Bf7 17. Bxe7 Be6 18. Qh5+ Bf7 19. Qh8 Qxe7 20. Rxe7+
Kxe7 21. Ng5 Re8 22. Nxf7 Kxf7 23. Qh5+ Ke7 24. Nd2 Kd8 25. Nf3 Be7 26. Re1 Rf8
27. Qh6 Rf6 28. Qe3 Rf7 29. Ng5 1-0